Fast Typing Torchic - Statistics

General Stats
  • This quiz has been taken 65 times
  • The average score is 11 of 15
Answer Stats
Answer % Correct
Torchic
100%
Torchic
100%
Torchic
95%
Torchic
92%
Torchic
92%
Torchic
92%
Torchic
87%
Torchic
79%
Torchic
74%
Torchic
62%
Torchic
54%
Torchic
54%
Torchic
49%
Torchic
46%
Torchic
44%
No matching quizzes found
Score Distribution
Percent of People with Each Score
Percentile by Number Answered
Your Score History
You have not taken this quiz